<?xml version="1.0" encoding="UTF-8"?>
<record
    xmlns:xsi="http://www.w3.org/2001/XMLSchema-instance"
    xsi:schemaLocation="http://www.loc.gov/MARC21/slim http://www.loc.gov/standards/marcxml/schema/MARC21slim.xsd"
    xmlns="http://www.loc.gov/MARC21/slim">

  <leader>00449nam a2200169Ia 4500</leader>
  <controlfield tag="008">230711s9999||||xx |||||||||||||| ||und||</controlfield>
  <datafield tag="020" ind1=" " ind2=" ">
    <subfield code="a">978-81-203-5321-3</subfield>
  </datafield>
  <datafield tag="041" ind1=" " ind2=" ">
    <subfield code="a">ENG</subfield>
  </datafield>
  <datafield tag="082" ind1=" " ind2=" ">
    <subfield code="a">620.10605</subfield>
    <subfield code="b">SI-I</subfield>
  </datafield>
  <datafield tag="100" ind1=" " ind2=" ">
    <subfield code="a">Sivaraman,Ilango</subfield>
  </datafield>
  <datafield tag="245" ind1=" " ind2="0">
    <subfield code="a">Introduction to Hydraulics and Pneumatics</subfield>
  </datafield>
  <datafield tag="250" ind1=" " ind2=" ">
    <subfield code="a">3rd Ed.</subfield>
  </datafield>
  <datafield tag="260" ind1=" " ind2=" ">
    <subfield code="c">2017</subfield>
    <subfield code="a">New Delhi</subfield>
    <subfield code="b">PHI Learning Private Limited</subfield>
  </datafield>
  <datafield tag="300" ind1=" " ind2=" ">
    <subfield code="a">302p.</subfield>
  </datafield>
  <datafield tag="650" ind1=" " ind2=" ">
    <subfield code="a">Mechanical Engineering</subfield>
  </datafield>
  <datafield tag="942" ind1=" " ind2=" ">
    <subfield code="c">BK</subfield>
  </datafield>
  <datafield tag="952" ind1=" " ind2=" ">
    <subfield code="0">0</subfield>
    <subfield code="1">0</subfield>
    <subfield code="4">0</subfield>
    <subfield code="7">0</subfield>
    <subfield code="8">C</subfield>
    <subfield code="a">MCL</subfield>
    <subfield code="b">MCL</subfield>
    <subfield code="d">2043-08-09</subfield>
    <subfield code="e">Krishna Book Distributors</subfield>
    <subfield code="g">350.00</subfield>
    <subfield code="i">KBD/2017-2018/1019343059</subfield>
    <subfield code="l">0</subfield>
    <subfield code="o">620.10605 SI-I</subfield>
    <subfield code="p">39589</subfield>
    <subfield code="r">2023-08-17 14:05:47</subfield>
    <subfield code="w">2023-08-17</subfield>
    <subfield code="y">BK</subfield>
  </datafield>
  <datafield tag="952" ind1=" " ind2=" ">
    <subfield code="0">0</subfield>
    <subfield code="1">0</subfield>
    <subfield code="4">0</subfield>
    <subfield code="7">0</subfield>
    <subfield code="8">C</subfield>
    <subfield code="a">MCL</subfield>
    <subfield code="b">MCL</subfield>
    <subfield code="d">2043-08-09</subfield>
    <subfield code="e">Krishna Book Distributors</subfield>
    <subfield code="g">350.00</subfield>
    <subfield code="i">KBD/2017-2018/1019343059</subfield>
    <subfield code="l">0</subfield>
    <subfield code="o">620.10605 SI-I</subfield>
    <subfield code="p">39590</subfield>
    <subfield code="r">2023-08-17 14:59:17</subfield>
    <subfield code="w">2023-08-17</subfield>
    <subfield code="y">BK</subfield>
  </datafield>
  <datafield tag="952" ind1=" " ind2=" ">
    <subfield code="0">0</subfield>
    <subfield code="1">0</subfield>
    <subfield code="4">0</subfield>
    <subfield code="7">0</subfield>
    <subfield code="8">C</subfield>
    <subfield code="a">MCL</subfield>
    <subfield code="b">MCL</subfield>
    <subfield code="d">2043-08-09</subfield>
    <subfield code="e">Krishna Book Distributors</subfield>
    <subfield code="g">350.00</subfield>
    <subfield code="i">KBD/2017-2018/1019343059</subfield>
    <subfield code="l">0</subfield>
    <subfield code="o">620.10605 SI-I</subfield>
    <subfield code="p">39591</subfield>
    <subfield code="r">2023-08-17 14:59:17</subfield>
    <subfield code="w">2023-08-17</subfield>
    <subfield code="y">BK</subfield>
  </datafield>
  <datafield tag="952" ind1=" " ind2=" ">
    <subfield code="0">0</subfield>
    <subfield code="1">0</subfield>
    <subfield code="4">0</subfield>
    <subfield code="7">0</subfield>
    <subfield code="8">C</subfield>
    <subfield code="a">MCL</subfield>
    <subfield code="b">MCL</subfield>
    <subfield code="d">2043-08-09</subfield>
    <subfield code="e">Krishna Book Distributors</subfield>
    <subfield code="g">350.00</subfield>
    <subfield code="i">KBD/2017-2018/1019343059</subfield>
    <subfield code="l">0</subfield>
    <subfield code="o">620.10605 SI-I</subfield>
    <subfield code="p">39592</subfield>
    <subfield code="r">2023-08-17 14:59:17</subfield>
    <subfield code="w">2023-08-17</subfield>
    <subfield code="y">BK</subfield>
  </datafield>
  <datafield tag="952" ind1=" " ind2=" ">
    <subfield code="0">0</subfield>
    <subfield code="1">0</subfield>
    <subfield code="4">0</subfield>
    <subfield code="7">0</subfield>
    <subfield code="8">C</subfield>
    <subfield code="a">MCL</subfield>
    <subfield code="b">MCL</subfield>
    <subfield code="d">2043-08-09</subfield>
    <subfield code="e">Krishna Book Distributors</subfield>
    <subfield code="g">350.00</subfield>
    <subfield code="i">KBD/2017-2018/1019343059</subfield>
    <subfield code="l">0</subfield>
    <subfield code="o">620.10605 SI-I</subfield>
    <subfield code="p">39593</subfield>
    <subfield code="r">2023-08-17 14:59:17</subfield>
    <subfield code="w">2023-08-17</subfield>
    <subfield code="y">BK</subfield>
  </datafield>
  <datafield tag="952" ind1=" " ind2=" ">
    <subfield code="0">0</subfield>
    <subfield code="1">0</subfield>
    <subfield code="4">0</subfield>
    <subfield code="7">0</subfield>
    <subfield code="8">C</subfield>
    <subfield code="a">MCL</subfield>
    <subfield code="b">MCL</subfield>
    <subfield code="d">2043-08-09</subfield>
    <subfield code="e">Krishna Book Distributors</subfield>
    <subfield code="g">350.00</subfield>
    <subfield code="i">KBD/2017-2018/1019343059</subfield>
    <subfield code="l">0</subfield>
    <subfield code="o">620.10605 SI-I</subfield>
    <subfield code="p">39594</subfield>
    <subfield code="r">2023-08-17 14:59:17</subfield>
    <subfield code="w">2023-08-17</subfield>
    <subfield code="y">BK</subfield>
  </datafield>
  <datafield tag="999" ind1=" " ind2=" ">
    <subfield code="c">6661</subfield>
    <subfield code="d">6661</subfield>
  </datafield>
</record>
